000 00356nam a2200157Ia 4500
008 230917s9999||||xx |||||||||||||| ||und||
040 _e80815
_aMAIN
041 _aEnglish
082 _a346.03 L775T(5)
100 _aLloyd, M G
245 0 _aTorts
250 _a5th ed.
260 _aLondon
_bButterworth
_c1978
300 _avii, 262 p.
942 _cBK
999 _c201015
_d201015